000
00302nam a22001337a 4500
008
180103b xxu||||| |||| 00| 0 eng d
020
_a
436085002
041
_a
eng
080
_a
321
100
_a
19
101
_a
SHP
245
_a
Migrants, Sharecroppers, Moountainers
_c
Cooles, R
942
_2
udc
_c
BK
999
_c
39627
_d
39627